| 000 | 00675nam a2200205 a 4500 | ||
|---|---|---|---|
| 001 | 18444 | ||
| 003 | BD-RjUL | ||
| 005 | 20211209000303.0 | ||
| 008 | 140220s1965 nyu 000 0 eng d | ||
| 035 | _a(BD-RjUL)18502 | ||
| 040 |
_aNMQU _beng _cNMQU _dABN-SNR _dBD-RjUL |
||
| 041 | _aeng | ||
| 082 | 0 | 4 |
_a700.94209034 _bGER 1965 _223 |
| 245 | 0 | 4 |
_aThe Germ : _bthoughts towards nature in poetry, literature and art / _cwith an introduction by William Michael Rossetti. |
| 260 |
_aNew York : _bAms Press, Inc., _c1965. |
||
| 300 |
_a192 p. ; _c24 cm. |
||
| 650 | 0 |
_aPre-Raphaelitism _zEngland. _952799 |
|
| 700 | 1 |
_aRossetti, William Michael, _d1829-1919. _956834 |
|
| 942 |
_2ddc _cBK |
||
| 999 |
_c18444 _d18444 |
||